[Event "GER-ch 68th"]
[Site "Dudweiler"]
[Date "1996.??.??"]
[Round "3"]
[White "Schmaltz, Roland"]
[Black "Wesseln, Kai"]
[Result "1-0"]
[WhiteElo "2440"]
[BlackElo "2320"]
[EventDate "1996.11.26"]
[PlyCount "79"]

1. e4 c5 2. Nf3 Nc6 3. d4 cxd4 4. Nxd4 g6 5. Be2 Bg7 6. Nb3 Nf6 7. Nc3 O-O 8. O-O a5 9. a4 Nb4 10. Re1 d5 11. exd5 Nfxd5 12. Nxd5 Qxd5 13. Qxd5 Nxd5 14. c3 Bd7 15. Rd1 Bc6 16. Nd4 Rfd8 17. Bf3 Bxd4 18. Rxd4 e5 19. Rd1 f6 20. Bd2 Kf7 21. Kf1 Rd7 22. Ke1 Ke6 23. b3 f5 24. Be2 e4 25. Bc4 Ke5 26. g3 Kf6 27. h4 Kg7 28. Bb5 Kf7 29. c4 Ne7 30. Bc3 Rxd1+ 31. Rxd1 Ke6 32. Ke2 Bxb5 33. axb5 b6 34. Bd4 Rb8 35. Be3 h5 36. Bf4 Rb7 37. Rd6+ Kf7 38. Be3 Nc8 39. Rc6 Rb8 40. Bd4 1-0

[Event "GER-ch 68th"]
[Site "Dudweiler"]
[Date "1996.??.??"]
[Round "3"]
[White "Schmitzer, Klaus"]
[Black "Klemm, Dietmar"]
[Result "1-0"]
[WhiteElo "2325"]
[BlackElo "2220"]
[EventDate "1996.11.26"]
[PlyCount "51"]

1. e4 c5 2. Nf3 Nc6 3. d4 cxd4 4. Nxd4 Nf6 5. Nc3 e5 6. Ndb5 d6 7. Bg5 a6 8. Na3 b5 9. Nd5 Be7 10. Nxe7 Nxe7 11. Bxf6 gxf6 12. Qf3 f5 13. exf5 d5 14. f6 Ng6 15. O-O-O Be6 16. Bd3 Qc7 17. Qg3 Rc8 18. Rhe1 b4 19. Nb1 Nf4 20. Rd2 Nxd3+ 21. Qxd3 e4 22. Qd4 a5 23. f3 Qxh2 24. fxe4 Rc4 25. Qd3 Qh4 26. g3 1-0

[Event "GER-ch 68th"]
[Site "Dudweiler"]
[Date "1996.??.??"]
[Round "3"]
[White "Schulz, Karsten"]
[Black "Lutz, Christopher"]
[Result "0-1"]
[WhiteElo "2360"]
[BlackElo "2565"]
[EventDate "1996.11.26"]
[PlyCount "70"]

1. Nf3 f5 2. d4 Nf6 3. Bg5 e6 4. Nbd2 Be7 5. Bxf6 Bxf6 6. e4 d5 7. exf5 exf5 8. Bd3 O-O 9. O-O c5 10. dxc5 Bxb2 11. Rb1 Bf6 12. Nb3 Nc6 13. Qd2 Be6 14. Rfe1 Re8 15. Bb5 Bf7 16. Rxe8+ Qxe8 17. Nfd4 Qc8 18. Bxc6 bxc6 19. Qf4 Qa6 20. Nxf5 Qxa2 21. Nd2 Re8 22. Rb8 Qa1+ 23. Nf1 Qe5 24. Rxe8+ Bxe8 25. Qg4 h5 26. Qh3 Qc3 27. N1g3 Qe1+ 28. Nf1 Qc3 29. N1g3 Qxc2 30. Ne3 Qb1+ 31. Ngf1 Bg6 32. Qc8+ Kh7 33. Qxc6 d4 34. Nd5 Be5 35. f4 Bd3 0-1

[Event "GER-ch 68th"]
[Site "Dudweiler"]
[Date "1996.??.??"]
[Round "3"]
[White "Steinkohl, Thomas"]
[Black "Siebrecht, Sebastian"]
[Result "0-1"]
[WhiteElo "2330"]
[BlackElo "2390"]
[EventDate "1996.11.26"]
[PlyCount "78"]

1. e4 c5 2. Nf3 e6 3. d4 cxd4 4. Nxd4 a6 5. Nc3 Qc7 6. Bd3 b5 7. Be3 Bb7 8. f4 Nf6 9. Qf3 Bb4 10. O-O-O Bxc3 11. bxc3 d5 12. e5 Ne4 13. Qg4 Qxc3 14. Bxe4 Qxe3+ 15. Rd2 Qa3+ 16. Kd1 g6 17. Nxe6 fxe6 18. Bxg6+ Ke7 19. Bh5 Rc8 20. Qg7+ Kd8 21. Qxb7 Nd7 22. f5 Rab8 23. Qa7 Qxa2 24. fxe6 Qa1+ 25. Ke2 Qxe5+ 26. Kf2 Qxe6 27. Re1 Qf5+ 28. Bf3 Rxc2 29. Ree2 Rc5 30. h3 b4 31. Kg1 Qf4 32. Rf2 Qe3 33. Kh2 b3 34. Bg4 Qe5+ 35. g3 Rc7 36. Qxa6 b2 37. Bf5 Rc3 38. Qa5+ Ke7 39. Rde2 Re3 0-1

[Event "GER-ch 68th"]
[Site "Dudweiler"]
[Date "1996.??.??"]
[Round "3"]
[White "Wahls, Matthias"]
[Black "Bastian, Herbert"]
[Result "1-0"]
[WhiteElo "2540"]
[BlackElo "2365"]
[EventDate "1996.11.26"]
[PlyCount "119"]

1. e4 c5 2. Nf3 a6 3. g3 d6 4. Bg2 Nc6 5. O-O g6 6. d4 cxd4 7. Nxd4 Bd7 8. Nxc6 Bxc6 9. Nc3 Bg7 10. Nd5 e6 11. Nc3 Qc7 12. Bf4 Rd8 13. Qd2 Ne7 14. Rad1 Qb6 15. Qc1 Qc5 16. Bg5 f6 17. Be3 Qa5 18. Rd3 Kf7 19. Rfd1 Nc8 20. Bd4 h5 21. f4 h4 22. g4 f5 23. Bxg7 Kxg7 24. gxf5 gxf5 25. Qe3 Rh6 26. Kh1 Rg6 27. Bf3 Rf8 28. Rg1 Rff6 29. Rdd1 Qc5 30. Qxc5 dxc5 31. Rgf1 Ne7 32. e5 Rf7 33. Bxc6 Nxc6 34. Na4 Nb4 35. Nxc5 Nxc2 36. Rg1 Re7 37. Rd6 Rxg1+ 38. Kxg1 Kf7 39. Rb6 Ne3 40. Rxb7 Rxb7 41. Nxb7 Nd5 42. Nc5 Nxf4 43. b4 Ng6 44. Nxa6 Nxe5 45. a4 Ke7 46. Nc5 Kd6 47. a5 Nc6 48. a6 Na7 49. Kg2 Kd5 50. Kh3 Kc4 51. Nxe6 Kxb4 52. Kxh4 Kb5 53. Kg5 Kxa6 54. h4 Nc6 55. h5 Ne5 56. Kxf5 Nf7 57. Kf6 Nh6 58. Kg6 Ng4 59. Kg5 Ne5 60. Nd8 1-0

[Event "GER-ch 68th"]
[Site "Dudweiler"]
[Date "1996.??.??"]
[Round "3"]
[White "Walter, Guenter"]
[Black "Hennings, Artur"]
[Result "1/2-1/2"]
[WhiteElo "2275"]
[BlackElo "2340"]
[EventDate "1996.11.26"]
[PlyCount "69"]

1. d4 d6 2. Nf3 f5 3. Nc3 Nf6 4. Bg5 c6 5. Bxf6 exf6 6. e3 Qb6 7. a3 d5 8. Bd3 Be6 9. O-O Bd6 10. b4 Qc7 11. Na4 b6 12. Nb2 b5 13. c3 a5 14. Qc2 axb4 15. axb4 Rxa1 16. Rxa1 g6 17. Be2 O-O 18. Nd3 Bc8 19. Nc5 Re8 20. Bd3 Nd7 21. Ra3 Nb6 22. g3 Nc4 23. Bxc4 dxc4 24. Qa2 f4 25. Ra7 Qd8 26. gxf4 Bh3 27. Qa6 Bb8 28. Ra8 Qd5 29. Ne1 Rf8 30. Qb7 Qf5 31. f3 Qb1 32. Kf2 Qb2+ 33. Kg3 Qxc3 34. Kxh3 Qxe1 35. Rxb8 1/2-1/2

[Event "GER-ch 68th"]
[Site "Dudweiler"]
[Date "1996.??.??"]
[Round "3"]
[White "Zude, Arno"]
[Black "Rabiega, Robert"]
[Result "1/2-1/2"]
[WhiteElo "2410"]
[BlackElo "2475"]
[EventDate "1996.11.26"]
[PlyCount "116"]

1. e4 c5 2. Nf3 Nc6 3. d4 cxd4 4. Nxd4 Nf6 5. Nc3 d6 6. Bg5 e6 7. Qd2 a6 8. O-O-O h6 9. Be3 Be7 10. f4 Nxd4 11. Bxd4 b5 12. Bxf6 Bxf6 13. Qxd6 Qxd6 14. Rxd6 Bb7 15. e5 Be7 16. Rd2 g5 17. f5 exf5 18. Bd3 b4 19. Na4 Rd8 20. Re2 f4 21. Be4 Bc8 22. g3 fxg3 23. hxg3 Kf8 24. b3 Kg7 25. Nb2 Bg4 26. Ree1 Bc5 27. Nd3 Bd4 28. Ref1 a5 29. Rh2 Be6 30. Kb1 Bc8 31. Bc6 Bg4 32. Be4 Be6 33. Bc6 h5 34. Bf3 h4 35. gxh4 Rxh4 36. Rxh4 gxh4 37. Rh1 Rh8 38. Nf4 Bxe5 39. Nxe6+ fxe6 40. Bg4 Rh6 41. Kc1 Kf6 42. Rf1+ Kg5 43. Bh3 Bf4+ 44. Kd1 e5 45. Ke2 Rc6 46. Rg1+ Kf6 47. Kf3 Rxc2 48. Rg2 Rc3+ 49. Kg4 Bg3 50. Re2 Rd3 51. Bg2 Ke6 52. Be4 Rc3 53. Rd2 Be1 54. Bf5+ Ke7 55. Rd7+ Ke8 56. Kg5 e4 57. Rd1 Rg3+ 58. Kf4 Bc3 1/2-1/2

[Event "GER-ch 68th"]
[Site "Dudweiler"]
[Date "1996.??.??"]
[Round "4"]
[White "Bischoff, Klaus"]
[Black "Gisbrecht, Ewgeni"]
[Result "1/2-1/2"]
[WhiteElo "2530"]
[BlackElo "2370"]
[EventDate "1996.11.26"]
[PlyCount "32"]

1. c4 c6 2. Nf3 d5 3. e3 Nf6 4. Nc3 a6 5. h3 b5 6. b3 e6 7. Bb2 Be7 8. Be2 O-O 9. Qc2 Nbd7 10. d4 bxc4 11. bxc4 dxc4 12. O-O c5 13. dxc5 Nxc5 14. Bxc4 Bb7 15. Nd4 Rc8 16. Qe2 Rc7 1/2-1/2

[Event "GER-ch 68th"]
[Site "Dudweiler"]
[Date "1996.??.??"]
[Round "4"]
[White "Enigk, Frank"]
[Black "Schulz, Karsten"]
[Result "0-1"]
[WhiteElo "2145"]
[BlackElo "2360"]
[EventDate "1996.11.26"]
[PlyCount "86"]

1. d4 d6 2. c4 e5 3. Nc3 Nd7 4. Nf3 Ngf6 5. e4 g6 6. Be2 Bg7 7. O-O O-O 8. Qc2 c6 9. Rd1 Re8 10. Bg5 h6 11. Bh4 Qe7 12. dxe5 dxe5 13. Nd2 Nc5 14. b4 Ne6 15. c5 Nd4 16. Qd3 b5 17. a4 bxa4 18. Rxa4 a5 19. Nc4 Ba6 20. Rxa5 Qe6 21. Bf1 Nh5 22. Bg3 Nf4 23. Bxf4 exf4 24. b5 Nxb5 25. Nxb5 Bxb5 26. Rxb5 cxb5 27. Nd6 Red8 28. Qxb5 Rab8 29. Qc4 Be5 30. Qxe6 fxe6 31. Bc4 Kg7 32. Kf1 Kf6 33. Rd3 Bxd6 34. cxd6 Ke5 35. g3 g5 36. gxf4+ gxf4 37. Rh3 Rxd6 38. Kg2 Kd4 39. Be2 Rg8+ 40. Kf3 e5 41. Bb5 Rb6 42. Ba4 Ra8 43. Bc2 Ra2 0-1

[Event "GER-ch 68th"]
[Site "Dudweiler"]
[Date "1996.??.??"]
[Round "4"]
[White "Glienke, Manfred"]
[Black "Walter, Guenter"]
[Result "1-0"]
[WhiteElo "2325"]
[BlackElo "2275"]
[EventDate "1996.11.26"]
[PlyCount "85"]

1. d4 d5 2. Nf3 e6 3. c4 a6 4. cxd5 exd5 5. Nc3 Nf6 6. Bg5 Be7 7. e3 c6 8. Be2 O-O 9. Qc2 Nbd7 10. O-O Re8 11. Rab1 Ne4 12. Bf4 Ndf6 13. b4 Bf5 14. Bd3 Nxc3 15. Qxc3 Bxd3 16. Qxd3 Ne4 17. a4 b5 18. Rfc1 Qb6 19. Ne5 Rac8 20. Nd7 Qb7 21. Nc5 Bxc5 22. bxc5 Qd7 23. f3 Nf6 24. Rc2 Qe6 25. Kf2 Kh8 26. g4 Ng8 27. Ra2 Ne7 28. Rba1 Ng6 29. Bg3 Rf8 30. axb5 axb5 31. Qf5 Rfe8 32. Qxe6 Rxe6 33. Ra8 Ree8 34. R8a7 Kg8 35. Bd6 Nf8 36. Rb7 Ne6 37. Raa7 f6 38. f4 Ra8 39. Rxa8 Rxa8 40. Re7 Nd8 41. Re8+ Kf7 42. Rf8+ Ke6 43. f5+ 1-0

[Event "GER-ch 68th"]
[Site "Dudweiler"]
[Date "1996.??.??"]
[Round "4"]
[White "Haist, Wolfgang"]
[Black "Becking, Stephan"]
[Result "1/2-1/2"]
[WhiteElo "2260"]
[BlackElo "2200"]
[EventDate "1996.11.26"]
[PlyCount "77"]

1. e4 d5 2. exd5 Qxd5 3. Nc3 Qa5 4. d4 Nf6 5. Nf3 Bf5 6. Bc4 c6 7. Bd2 e6 8. Nd5 Qd8 9. Nxf6+ gxf6 10. c3 Nd7 11. Nh4 Nb6 12. Bb3 Bd3 13. Qf3 Bc4 14. Bc2 Bd5 15. Qg3 Bd6 16. Qg7 Ke7 17. Bxh7 Be4 18. Bxe4 Rxh4 19. Bd3 Rh8 20. Qg4 c5 21. O-O-O cxd4 22. Qxd4 Qc7 23. g3 Rhd8 24. Qe4 Rac8 25. Kb1 Nd7 26. Bc2 Nc5 27. Qf3 b5 28. h4 Na4 29. Bxa4 bxa4 30. Bf4 a3 31. Bxd6+ Rxd6 32. Rxd6 Qxd6 33. Qb7+ Kd8 34. Qb4 Qd3+ 35. Kc1 axb2+ 36. Kxb2 Qd2+ 37. Kb1 Qd3+ 38. Kb2 Qd2+ 39. Kb1 1/2-1/2

[Event "GER-ch 68th"]
[Site "Dudweiler"]
[Date "1996.??.??"]
[Round "4"]
[White "Hennings, Artur"]
[Black "Schwing, Hans Elmar"]
[Result "1/2-1/2"]
[WhiteElo "2340"]
[BlackElo "2245"]
[EventDate "1996.11.26"]
[PlyCount "56"]

1. Nc3 d5 2. e4 e6 3. d4 Bb4 4. exd5 exd5 5. Bd3 Nc6 6. Nge2 Nge7 7. O-O Bf5 8. Ng3 Bxd3 9. Qxd3 O-O 10. Nce2 Qd7 11. Bf4 Rfe8 12. c3 Bd6 13. Rfe1 Nd8 14. Rad1 Ne6 15. Qf3 c6 16. Bd2 Rad8 17. Nc1 Nf8 18. Nd3 Bxg3 19. hxg3 f6 20. g4 Neg6 21. g3 Rxe1+ 22. Rxe1 Re8 23. Re2 Rxe2 24. Qxe2 Qe7 25. Qxe7 Nxe7 26. Bf4 Nd7 27. f3 Kf7 28. Kf2 Ng6 1/2-1/2

[Event "GER-ch 68th"]
[Site "Dudweiler"]
[Date "1996.??.??"]
[Round "4"]
[White "Hetey, Laszlo"]
[Black "Dietz, Holger"]
[Result "1-0"]
[WhiteElo "2410"]
[BlackElo "2285"]
[EventDate "1996.11.26"]
[PlyCount "147"]

1. d4 e6 2. c4 f5 3. Nf3 Nf6 4. g3 d5 5. Bg2 c6 6. O-O Bd6 7. b3 Qe7 8. c5 Bc7 9. Bf4 Bxf4 10. gxf4 O-O 11. Nbd2 Bd7 12. b4 Be8 13. Ne5 Na6 14. Qb3 Nh5 15. e3 Nc7 16. Kh1 Kh8 17. Rg1 Nf6 18. Bf3 Bh5 19. Bxh5 Nxh5 20. Rg5 Qe8 21. Rag1 g6 22. a4 a6 23. Qd1 Rg8 24. Nb3 Nf6 25. f3 Nd7 26. Nd3 Qf7 27. Qf1 h6 28. R5g3 Kh7 29. Na5 Rab8 30. h4 Qf6 31. Qh3 Rg7 32. R3g2 Kg8 33. Nb3 Kf7 34. Nbc1 Rbg8 35. Nb3 Rb8 36. Qg3 Ne8 37. Na5 Qd8 38. Re2 Nef6 39. Qe1 Qc7 40. Rb2 Ra8 41. Nb3 g5 42. hxg5 hxg5 43. Rh2 g4 44. Ne5+ Ke7 45. Rh6 Nxe5 46. dxe5 Ng8 47. Qh4+ Kf8 48. Nd4 Re8 49. Rh8 Qf7 50. fxg4 Qg6 51. Qf6+ Qxf6 52. exf6 Rxg4 53. Nf3 Rxg1+ 54. Kxg1 Kf7 55. Rh7+ Kxf6 56. Rxb7 Ne7 57. Rb6 Ra8 58. Nd4 a5 59. b5 cxb5 60. axb5 a4 61. Rxe6+ Kf7 62. Ra6 Rxa6 63. bxa6 Nc8 64. Kf2 a3 65. Ke2 a2 66. Nb3 Ke6 67. Kd3 Kd7 68. Kc3 Kc6 69. Kb2 Kb5 70. Kxa2 Kc4 71. c6 Na7 72. Nd4 Kd3 73. c7 Kxe3 74. Nb5 1-0

[Event "GER-ch 68th"]
[Site "Dudweiler"]
[Date "1996.??.??"]
[Round "4"]
[White "Homuth, Manfred"]
[Black "Pirrot, Dieter"]
[Result "1/2-1/2"]
[WhiteElo "2275"]
[BlackElo "2415"]
[EventDate "1996.11.26"]
[PlyCount "62"]

1. e4 e5 2. Nf3 f5 3. d4 fxe4 4. Nxe5 Nf6 5. Nc3 d6 6. Bg5 dxe5 7. dxe5 Qxd1+ 8. Rxd1 h6 9. Bxf6 gxf6 10. Nd5 Kd7 11. e6+ Kd6 12. Nf4+ Kc6 13. Ng6 Bxe6 14. Nxh8 Bb4+ 15. c3 Bd6 16. a4 a6 17. Ng6 Nd7 18. Be2 Rg8 19. Nh4 f5 20. Rd4 Bc5 21. Rd1 f4 22. a5 Ne5 23. Bh5 Bb3 24. Rd2 e3 25. fxe3 fxe3 26. Rd1 Bxd1 27. Kxd1 Rd8+ 28. Kc1 Kb5 29. Rd1 Rf8 30. Be2+ Kc6 31. Nf3 Re8 1/2-1/2

[Event "GER-ch 68th"]
[Site "Dudweiler"]
[Date "1996.??.??"]
[Round "4"]
[White "Kindermann, Stefan"]
[Black "Mueller, Karsten"]
[Result "1-0"]
[WhiteElo "2530"]
[BlackElo "2490"]
[EventDate "1996.11.26"]
[PlyCount "113"]

1. e4 e6 2. d4 d5 3. Nc3 Nf6 4. Bg5 Be7 5. e5 Nfd7 6. Bxe7 Qxe7 7. f4 a6 8. Nf3 c5 9. dxc5 Nc6 10. Qd2 Qxc5 11. O-O-O b5 12. Ne2 b4 13. Ned4 Nxd4 14. Nxd4 O-O 15. h4 a5 16. h5 a4 17. Kb1 Qb6 18. g4 Nc5 19. Bg2 Ba6 20. Rh3 b3 21. cxb3 axb3 22. a3 Bc4 23. f5 f6 24. Nxe6 Nxe6 25. fxe6 Qxe6 26. Bxd5 Bxd5 27. Qxd5 Qxd5 28. Rxd5 fxe5 29. Rxb3 Rf4 30. Rxe5 Rxg4 31. Rb7 h6 32. Ka2 Rg3 33. Rb4 Kf7 34. Rf4+ Kg8 35. Rb4 Kf7 36. Rf4+ Kg8 37. Rb5 Kh7 38. a4 Rg5 39. Kb3 Rg2 40. a5 Rg5 41. Rff5 Rg4 42. Ka3 Rg1 43. b4 Ra1+ 44. Kb2 Rg1 45. Rbc5 Rg3 46. Rc2 Rg1 47. Rc6 Rb8 48. b5 Rg2+ 49. Kb3 Rg3+ 50. Kb4 Rg1 51. b6 Rb1+ 52. Kc5 Rd8 53. Rc7 Ra8 54. Kc6 Rf8 55. Rff7 Rc1+ 56. Kb7 Rxc7+ 57. Rxc7 1-0

[Event "GER-ch 68th"]
[Site "Dudweiler"]
[Date "1996.??.??"]
[Round "4"]
[White "Klein, J."]
[Black "Steinkohl, Thomas"]
[Result "0-1"]
[WhiteElo "2090"]
[BlackElo "2330"]
[EventDate "1996.11.26"]
[PlyCount "74"]

1. e4 e5 2. Nf3 Nc6 3. Bb5 a6 4. Ba4 Nf6 5. Qe2 b5 6. Bb3 Be7 7. c3 O-O 8. O-O d5 9. d3 Qd6 10. Nbd2 Be6 11. Rd1 Rad8 12. Nf1 d4 13. Ng3 Bg4 14. h3 Bxf3 15. Qxf3 g6 16. a4 b4 17. cxb4 Nxb4 18. Bh6 Rfe8 19. h4 Qd7 20. Rac1 c6 21. Qe2 Rb8 22. Qd2 Ng4 23. Bg5 Kg7 24. Bxe7 Qxe7 25. h5 Qh4 26. Rc5 Rb7 27. Rcc1 Rd8 28. Bc4 Rd6 29. Nf1 Qxh5 30. f3 Nh6 31. Ng3 Qh4 32. Qf2 Rb8 33. Kf1 Rf6 34. Ke2 Qg5 35. Rh1 Ng4 36. Qg1 Na2 37. Rc2 Rxb2 0-1

[Event "GER-ch 68th"]
[Site "Dudweiler"]
[Date "1996.??.??"]
[Round "4"]
[White "Klemm, Dietmar"]
[Black "Kirschbaum, Gunnar"]
[Result "0-1"]
[WhiteElo "2220"]
[BlackElo "2195"]
[EventDate "1996.11.26"]
[PlyCount "122"]

1. d4 g6 2. c4 Bg7 3. Nc3 d6 4. Nf3 Nf6 5. g3 O-O 6. Bg2 Nbd7 7. O-O e5 8. dxe5 dxe5 9. Qc2 c6 10. h3 Qe7 11. e4 Ne8 12. b3 Nc7 13. Rd1 Ne6 14. Bb2 Re8 15. Ne2 a5 16. a3 f6 17. Bc3 c5 18. Be1 Nd4 19. Qd3 Nxe2+ 20. Qxe2 Nf8 21. Rab1 Ne6 22. b4 axb4 23. axb4 b6 24. Ra1 Bb7 25. Nh2 cxb4 26. Qb2 Bf8 27. Ng4 Nd4 28. Rdb1 Rxa1 29. Rxa1 Ra8 30. Rxa8 Bxa8 31. Ne3 Qc5 32. Kh2 f5 33. exf5 Bxg2 34. Kxg2 gxf5 35. f4 Qc6+ 36. Nd5 Qxc4 37. Nxb4 exf4 38. gxf4 Bxb4 39. Bxb4 Qc2+ 40. Qxc2 Nxc2 41. Bc3 b5 42. Kf2 b4 43. Be5 Kf7 44. Ke2 Ke6 45. Kd3 b3 46. Kc4 Ne3+ 47. Kxb3 Kd5 48. h4 h5 49. Bf6 Ke4 50. Bg5 Ng2 51. Kc3 Nxf4 52. Kd2 Kf3 53. Ke1 Ng6 54. Kf1 Kg3 55. Kg1 Nxh4 56. Be3 Nf3+ 57. Kh1 Nh2 58. Bc5 Ng4 59. Bd6+ f4 60. Kg1 h4 61. Kh1 h3 0-1

[Event "GER-ch 68th"]
[Site "Dudweiler"]
[Date "1996.??.??"]
[Round "4"]
[White "Lutz, Christopher"]
[Black "Zude, Arno"]
[Result "1/2-1/2"]
[WhiteElo "2565"]
[BlackElo "2410"]
[EventDate "1996.11.26"]
[PlyCount "130"]

1. d4 Nf6 2. c4 e6 3. Nf3 b6 4. a3 Bb7 5. Nc3 d5 6. Bg5 Be7 7. Qa4+ c6 8. Bxf6 Bxf6 9. cxd5 exd5 10. g3 O-O 11. Bg2 Re8 12. O-O Nd7 13. Rfd1 g6 14. e3 Bg7 15. Rac1 Qe7 16. Ne1 Nf6 17. Nd3 Ne4 18. Nxe4 dxe4 19. Nf4 Rec8 20. h4 c5 21. dxc5 Rxc5 22. Rxc5 Qxc5 23. b4 Bc6 24. Qb3 Qe5 25. Qc4 Rc8 26. Nd5 Bb7 27. Qxe4 Qxe4 28. Bxe4 Bxd5 29. Rxd5 f5 30. Bf3 Rc7 31. e4 fxe4 32. Bxe4 Bf6 33. h5 Kf7 34. b5 Be7 35. hxg6+ hxg6 36. Rd3 Rc1+ 37. Kg2 Ra1 38. Rd7 g5 39. Rxa7 Kf6 40. a4 Ra2 41. Bd5 Rd2 42. Bc4 Rc2 43. Bg8 Rb2 44. Rb7 Bc5 45. Rf7+ Kg6 46. Rf3 g4 47. Rf4 Rb4 48. a5 bxa5 49. Be6 Rxb5 50. Bxg4 Rb4 51. Bf5+ Kg7 52. Rxb4 Bxb4 53. Bc2 Bc5 54. f4 Bd6 55. Kf3 Bc7 56. Ke4 Kf6 57. g4 Bd6 58. g5+ Kg7 59. Kf5 Bc7 60. Kg4 Bd6 61. f5 Be7 62. Bb3 Bd8 63. Kf4 Be7 64. f6+ Bxf6 65. gxf6+ Kxf6 1/2-1/2

[Event "GER-ch 68th"]
[Site "Dudweiler"]
[Date "1996.??.??"]
[Round "4"]
[White "Mainka, Romuald"]
[Black "Heidrich, Manfred"]
[Result "1-0"]
[WhiteElo "2455"]
[BlackElo "2340"]
[EventDate "1996.11.26"]
[PlyCount "89"]

1. e4 c5 2. Nf3 Nc6 3. Bb5 g6 4. O-O Bg7 5. Nc3 Nf6 6. e5 Ng4 7. Bxc6 dxc6 8. Re1 O-O 9. d3 Nh6 10. h3 Nf5 11. Ne4 b6 12. Bf4 Nd4 13. Nh2 f6 14. exf6 exf6 15. Nd6 g5 16. Nxc8 Rxc8 17. Bd2 Qd7 18. Nf1 h6 19. Ng3 f5 20. c3 Ne6 21. Qb3 Rce8 22. Re2 Kh8 23. Rae1 Nc7 24. Qc4 Rxe2 25. Rxe2 Re8 26. h4 Rxe2 27. Nxe2 b5 28. Qxc5 Qxd3 29. Qe3 Qb1+ 30. Kh2 f4 31. Qe7 Qd3 32. Bxf4 gxf4 33. Nxf4 Qf5 34. Qd8+ Kh7 35. Qxc7 Qg4 36. g3 Qf3 37. Kg1 Qd1+ 38. Kg2 Qd2 39. Qxc6 Qxb2 40. Qg6+ Kh8 41. Qe8+ Kh7 42. Qe4+ Kg8 43. Qa8+ Kh7 44. Qxa7 Qxc3 45. Nh5 1-0

[Event "GER-ch 68th"]
[Site "Dudweiler"]
[Date "1996.??.??"]
[Round "4"]
[White "Miltner, Arndt"]
[Black "Gross, Georg"]
[Result "1-0"]
[WhiteElo "2330"]
[BlackElo "2355"]
[EventDate "1996.11.26"]
[PlyCount "87"]

1. d4 Nc6 2. Nf3 d5 3. Bf4 Bg4 4. Nbd2 e6 5. c3 Bd6 6. Bg3 Nf6 7. Qb3 Rb8 8. e3 O-O 9. Bd3 Re8 10. O-O e5 11. Bb5 exd4 12. cxd4 Bxg3 13. hxg3 Bxf3 14. Nxf3 Ng4 15. Rfc1 Re6 16. Rc5 Ne7 17. Qc2 Rh6 18. Rc1 c6 19. Bd3 Rh5 20. e4 Qd6 21. Qd2 g5 22. e5 Qh6 23. Kf1 f6 24. Qa5 fxe5 25. Qc7 Qf8 26. dxe5 Rd8 27. Qxb7 Nxf2 28. Kxf2 g4 29. Qb4 d4 30. Qb3+ Kh8 31. Be4 d3 32. Qc3 Kg8 33. Bxd3 gxf3 34. Bc4+ Nd5 35. Rxc6 fxg2+ 36. Kxg2 Qf7 37. Qd4 Kh8 38. Bxd5 Qxd5+ 39. Qxd5 Rxd5 40. Rc8+ Kg7 41. R1c7+ Kh6 42. Rc6+ Kg7 43. R8c7+ Kf8 44. Rxa7 1-0

[Event "GER-ch 68th"]
[Site "Dudweiler"]
[Date "1996.??.??"]
[Round "4"]
[White "Movsziszian, Karen"]
[Black "Wahls, Matthias"]
[Result "0-1"]
[WhiteElo "2470"]
[BlackElo "2540"]
[EventDate "1996.11.26"]
[PlyCount "65"]

1. Nf3 Nf6 2. g3 g6 3. Bg2 Bg7 4. O-O O-O 5. a4 c5 6. d3 d5 7. Nbd2 d4 8. Nc4 Nd5 9. e4 dxe3 10. fxe3 Nc6 11. e4 Ndb4 12. Be3 Be6 13. Bxc5 Bxc4 14. dxc4 Qa5 15. Be3 Bxb2 16. Rb1 Rad8 17. Qe2 Bg7 18. e5 Qxa4 19. c3 Nd3 20. e6 Qxc4 21. Ng5 f6 22. Nf7 Rb8 23. Nh6+ Bxh6 24. Bxh6 Rfd8 25. h4 Qxc3 26. h5 Qc5+ 27. Be3 Qxh5 28. g4 Qe5 29. g5 Qxe6 30. gxf6 exf6 31. Rbd1 Nde5 32. Bh6 Nd4 33. Qb2 0-1

[Event "GER-ch 68th"]
[Site "Dudweiler"]
[Date "1996.??.??"]
[Round "4"]
[White "Rabiega, Robert"]
[Black "Bastian, Herbert"]
[Result "1/2-1/2"]
[WhiteElo "2475"]
[BlackElo "2365"]
[EventDate "1996.11.26"]
[PlyCount "131"]

1. e4 d5 2. exd5 Qxd5 3. Nc3 Qd6 4. d4 Nf6 5. Nf3 e6 6. Bd3 a6 7. O-O Be7 8. Qe2 Nbd7 9. Rd1 O-O 10. Ne5 c5 11. Bf4 Qb6 12. Na4 Qa5 13. Nxd7 Nxd7 14. Nxc5 Nxc5 15. dxc5 Qxc5 16. Be5 g6 17. c3 Rd8 18. b4 Qb6 19. a4 Bd7 20. Qf3 Bc6 21. Qg3 Rd7 22. b5 axb5 23. axb5 Rxa1 24. Rxa1 Bxb5 25. Rb1 Qa6 26. Be4 Bd3 27. Bxd3 Rxd3 28. Qf4 Rd5 29. c4 Rc5 30. Rc1 Rc8 31. h4 Qa5 32. Rb1 Qa6 33. Rb5 Qc6 34. h5 g5 35. Qd4 Rd8 36. Qg4 f6 37. Bg3 h6 38. Qe2 Kf7 39. Qc2 f5 40. Be5 Rd7 41. Rb1 Qc5 42. Rb5 Qa3 43. Bb2 Qd6 44. g3 Qd1+ 45. Qxd1 Rxd1+ 46. Kg2 Rd7 47. Be5 Bf6 48. Bb8 Bd4 49. Kf3 Kf6 50. Ke2 b6 51. f4 Bc5 52. Rb1 g4 53. Be5+ Kf7 54. Ra1 Bb4 55. Ra8 Rd2+ 56. Kf1 Rd1+ 57. Ke2 Rd2+ 58. Kf1 Rd1+ 59. Ke2 Re1+ 60. Kf2 Re4 61. Ra7+ Ke8 62. Ra8+ Kd7 63. Ra7+ Ke8 64. Ra8+ Kd7 65. Ra7+ Ke8 66. Ra8+ 1/2-1/2

[Event "GER-ch 68th"]
[Site "Dudweiler"]
[Date "1996.??.??"]
[Round "4"]
[White "Riegler, Dieter"]
[Black "Loehn, Carsten"]
[Result "1/2-1/2"]
[WhiteElo "2195"]
[BlackElo "2195"]
[EventDate "1996.11.26"]
[PlyCount "41"]

1. d4 Nf6 2. c4 g6 3. Nc3 Bg7 4. e4 d6 5. f4 O-O 6. Nf3 Bg4 7. Be2 Nfd7 8. Be3 Bxf3 9. Bxf3 Nc6 10. Ne2 e5 11. fxe5 dxe5 12. d5 Nd4 13. Nxd4 exd4 14. Bxd4 Ne5 15. O-O Qg5 16. Kh1 f5 17. Qc2 Nxf3 18. Bxg7 Nxh2 19. Bxf8 Nxf1 20. Rxf1 Rxf8 21. exf5 1/2-1/2

[Event "GER-ch 68th"]
[Site "Dudweiler"]
[Date "1996.??.??"]
[Round "4"]
[White "Siebrecht, Sebastian"]
[Black "Schmaltz, Roland"]
[Result "1/2-1/2"]
[WhiteElo "2390"]
[BlackElo "2440"]
[EventDate "1996.11.26"]
[PlyCount "51"]

1. d4 d6 2. c4 g6 3. Nc3 Bg7 4. Nf3 Nf6 5. Bg5 O-O 6. e3 c6 7. Be2 a6 8. O-O h6 9. Bh4 g5 10. Bg3 Nh5 11. Qc2 f5 12. d5 Nxg3 13. hxg3 e5 14. dxe6 Bxe6 15. Rad1 Qe7 16. Rd2 Nd7 17. Rfd1 Ne5 18. Rxd6 Nxf3+ 19. Bxf3 g4 20. Be2 Be5 21. R6d2 b5 22. Bf1 Qf7 23. Ne2 Bxc4 24. Rd7 Qf6 25. Nf4 Bf7 26. Nd3 1/2-1/2

[Event "GER-ch 68th"]
[Site "Dudweiler"]
[Date "1996.??.??"]
[Round "4"]
[White "Slobodjan, Roman"]
[Black "Lagunow, Alexander"]
[Result "0-1"]
[WhiteElo "2520"]
[BlackElo "2425"]
[EventDate "1996.11.26"]
[PlyCount "94"]

1. e4 c5 2. Nf3 d6 3. d4 cxd4 4. Nxd4 Nf6 5. Nc3 Nc6 6. Bg5 e6 7. Qd2 a6 8. O-O-O h6 9. Be3 Be7 10. f3 Nxd4 11. Qxd4 b5 12. g4 Qa5 13. a3 Rb8 14. Bd2 Qc7 15. h4 Bd7 16. Bh3 a5 17. g5 b4 18. axb4 axb4 19. Nb1 Ba4 20. b3 Bxb3 21. Qb2 Ba4 22. Be3 Nd7 23. f4 h5 24. Rh2 b3 25. c3 Nc5 26. g6 Nxe4 27. gxf7+ Kxf7 28. f5 e5 29. Bg2 Nf6 30. Bg5 Bc6 31. Qe2 Bxg2 32. Rxg2 Qc6 33. Rdg1 Ra8 34. Qd1 Rab8 35. Qe2 b2+ 36. Kd1 Qa4+ 37. Ke1 Qa2 38. Kf2 Ng4+ 39. Rxg4 hxg4 40. Qxg4 Rbg8 41. Nd2 Bxg5 42. Qxg5 Rh6 43. Ke2 Qa4 44. Qg2 e4 45. Rb1 Qc2 46. Ke1 Qxc3 47. h5 Ra8 0-1

[Event "GER-ch 68th"]
[Site "Dudweiler"]
[Date "1996.??.??"]
[Round "4"]
[White "Wesseln, Kai"]
[Black "Bangiev, Alexander J"]
[Result "1/2-1/2"]
[WhiteElo "2320"]
[BlackElo "2400"]
[EventDate "1996.11.26"]
[PlyCount "155"]

1. d4 g6 2. Nf3 Bg7 3. Nc3 c5 4. d5 d6 5. e4 Nd7 6. Be2 Bxc3+ 7. bxc3 Ngf6 8. O-O Nxe4 9. c4 Nc3 10. Qd2 Nxe2+ 11. Qxe2 Nb6 12. Bg5 f6 13. Bxf6 Rf8 14. Bg5 Bg4 15. Rfe1 Rf7 16. Qe4 Bxf3 17. gxf3 Qd7 18. a4 a5 19. Qh4 Nc8 20. Re6 Ra6 21. Rae1 Kd8 22. Qe4 Qxa4 23. Bxe7+ Kc7 24. Bh4 Qd7 25. Bg3 a4 26. Qe3 b6 27. Ra1 Qd8 28. Ra3 Qd7 29. h4 Kb7 30. Qe2 Ra5 31. Kg2 Ka6 32. Qe3 Ne7 33. Qc3 Nc8 34. Qh8 Kb7 35. Qa1 Ra8 36. Rae3 Ra7 37. Qa3 Ra6 38. Qa1 Ra7 39. Ra3 Rf8 40. Qe1 Ka8 41. Qe2 Kb8 42. Kf1 Rd8 43. Kg2 Qb7 44. Qe3 Qd7 45. Qf4 Qg7 46. Qg5 Rdd7 47. c3 Qf8 48. Qc1 Ra5 49. Qa1 Rda7 50. Qe1 Rd7 51. Re8 Qf7 52. Qe6 Kc7 53. Qe4 Re7 54. Rxe7+ Qxe7 55. Qf4 Qd7 56. Qh6 b5 57. cxb5 Nb6 58. Qg5 Nc4 59. Ra1 a3 60. h5 gxh5 61. f4 Kb6 62. f5 Qf7 63. f6 a2 64. Qf5 Ra7 65. Qe6 Qf8 66. Qe2 Ra4 67. Rxa2 Rxa2 68. Qxa2 Na5 69. Qe2 Qxf6 70. Qe8 h4 71. Bh2 Qg5+ 72. Kh3 Qf5+ 73. Kxh4 Qxf2+ 74. Bg3 Qf6+ 75. Kg4 Qg6+ 76. Qxg6 hxg6 77. Bxd6 Kxb5 78. Bxc5 1/2-1/2